Catálogo
Digital

Catálogo
Digital

General dentistry: Esp. for dental students and professionals. (Record no. 11615)

MARC details
000 -CABECERA
campo de control de longitud fija 03109nam a2200361 4500
003 - IDENTIFICADOR DEL NÚMERO DE CONTROL
campo de control EC-UNACH
005 - FECHA Y HORA DE LA ÚLTIMA TRANSACCIÓN
campo de control 20260323154643.0
006 - CÓDIGOS DE INFORMACIÓN DE LONGITUD FIJA--CARACTERÍSTICAS DEL MATERIAL ADICIONAL
campo de control de longitud fija s||||gr|||| 00| 00
008 - DATOS DE LONGITUD FIJA--INFORMACIÓN GENERAL
campo de control de longitud fija 150116t9999 mx r gr 000 0 spa d
020 ## - NÚMERO INTERNACIONAL ESTÁNDAR DEL LIBRO
Número Internacional Estándar del Libro 978-9942-615-03-9
040 ## - FUENTE DE LA CATALOGACIÓN
Centro catalogador/agencia de origen EC-UNACH
Centro/agencia transcriptor EC-UNACH
041 ## - CÓDIGO DE LENGUA
Código de lengua del texto/banda sonora o título independiente spa
082 04 - NÚMERO DE LA CLASIFICACIÓN DECIMAL DEWEY
Número de edición 23
Número de clasificación 617.6
Número de documento/Ítem L015103
100 ## - ENTRADA PRINCIPAL--NOMBRE DE PERSONA
Nombre de persona Tenelanda López, Dennys Vladimir / Costales Lara, Mauro Ramiro / Guzman Carrasco, Cristian David / Escudero Orozco, Gloria Isabel
245 ## - MENCIÓN DE TÍTULO
Título General dentistry: Esp. for dental students and professionals.
250 ## - MENCIÓN DE EDICIÓN
Mención de edición First Edition
264 ## - Producción, publicación, distribución, fabricación y copyright
Lugar de producción, publicación, distribución, fabricación Riobamba - Ecuador
Nombre del de productor, editor, distribuidor, fabricante Universidad Nacional de Chimborazo
Fecha de de producción, publicación, distribución, fabricación o copyright 2022
264 ## - Producción, publicación, distribución, fabricación y copyright
Nombre del de productor, editor, distribuidor, fabricante Producción UNACH
300 ## - DESCRIPCIÓN FÍSICA
Extensión 212 pages
Otras características físicas grafic
500 ## - NOTA GENERAL
Nota general Nowadays, professionals of different areas must face the current challenges of a globalized world, thus, communicating in the English language has become as important as their major related abilities. English for Specific Purposes (ESP) is an approach to the education of English orientated for specific scientific, medical, technological, economic and academic areas. The ESP aims to satisfy both inside and outside the classroom needs of students who, beyond the learning of the language indeed, require talking about specific topics in certain professional fields. (Hall, 2014).<br/><br/>Most of meaningful academic information about Dentistry issues is published in the English language such as: journals, books, scientific websites, and others. It is really important for general and specialized dentist to handle this information in this foreign language in order to reinforce their knowledge and learn about the new tendencies in the dental area. So, mastering the writing, listening, reading, and speaking skills will let them develop all their abilities to participate in academic events, publish papers and books in the English language.<br/><br/>This book is a new educational didactic resource for dental students and professionals who want to improve their English communication skills in a work environment. It includes career-specific vocabulary and contexts. Each chapter provides opportunities for learners to understand some basic aspects about ESP and also talk about common oral pathologies in the English practicing the four language skills in an interactive form. The central goal is to help students in the complex business of learning English for specific purposes.
501 ## - NOTA DE "CON"
Nota de “Con” Index of contents, Index of figures.
505 ## - NOTA DE CONTENIDO CON FORMATO
Nota de contenido con formato English for specific purposes.-- Proficiency in english for specific purposes linked to dentistry - related training.-- Esp activities.-- Teacher Guidelines.
650 ## - PUNTO DE ACCESO ADICIONAL DE MATERIA--TÉRMINO DE MATERIA
Término de materia o nombre geográfico como elemento inicial Dentistry
650 ## - PUNTO DE ACCESO ADICIONAL DE MATERIA--TÉRMINO DE MATERIA
Término de materia o nombre geográfico como elemento inicial Prevention
650 ## - PUNTO DE ACCESO ADICIONAL DE MATERIA--TÉRMINO DE MATERIA
Término de materia o nombre geográfico como elemento inicial Maxillofacial pathologies
650 ## - PUNTO DE ACCESO ADICIONAL DE MATERIA--TÉRMINO DE MATERIA
Término de materia o nombre geográfico como elemento inicial Teacher guidelines
856 ## - LOCALIZACIÓN Y ACCESO ELECTRÓNICOS
Identificador Uniforme del Recurso <a href="https://editorial.unach.edu.ec/index.php/Editorial/catalog/book/63">https://editorial.unach.edu.ec/index.php/Editorial/catalog/book/63</a>
Texto de enlace Digital book - General dentistry: Esp. for dental students and professionals.
942 ## - ELEMENTOS DE PUNTO DE ACCESO ADICIONAL (KOHA)
Fuente del sistema de clasificación o colocación Clasificación Decimal Dewey
Tipo de ítem Koha Libro electrónico
999 ## - NÚMEROS DE CONTROL DE SISTEMA (KOHA)
Koha biblionumber 11615
Holdings
Estado de pérdida Fuente del sistema de clasificación o colocación Estado dañado No para préstamo Localización permanente Ubicación/localización actual Ubicación en estantería Fecha de adquisición Fuente de adquisición Total de préstamos Signatura topográfica completa Código de barras Fecha visto por última vez Número de copia Precio válido a partir de Tipo de ítem Koha Centro de costos
  Clasificación Decimal Dewey     Biblioteca Campus Norte Biblioteca Campus Norte Odontología 22/03/2023 Producción Científica UNACH   617.6 TEN L015103 L015103 22/03/2023 Ejemplar: 01 22/03/2023 Libro electrónico  

Powered by Koha